LEADER 01251nam 2200361 450 001 000006742 005 20110131114800.0 010 $a0-471-04129-7 100 $a20001220d1980----km-y0itay0103----ba 101 0 $aeng 102 $aUS 200 1 $aIntroduction to Rock Mechanics$fRichard E. Goodman 210 $c<> Wiley$aNew York ... [etc.]$dc1980 215 $aXII, 478 p.$cill.$d24 cm. 606 $aMeccanica dei terreni$xRocce 676 $a624.15132$v(20. ed.)$9Ingegneria civile. Meccanica delle rocce 700 1$aGoodman,$bRichard E.$014449 801 0$aIT$bUniversità della Basilicata - B.I.A.$gRICA$2unimarc 912 $a000006742 996 $aIntroduction to Rock Mechanics$976083 997 $aUNIBAS BAS $aMONING BAS $aMONOGR BAS $aINGEGNERIA CAT $aVALVANO$b01$c20001220$lBAS01$h1644 CAT $c20050601$lBAS01$h1753 CAT $abatch$b01$c20050718$lBAS01$h1049 CAT $c20050718$lBAS01$h1108 CAT $c20050718$lBAS01$h1138 CAT $c20050718$lBAS01$h1152 CAT $aATR$b40$c20110131$lBAS01$h1148 FMT Z30 -1$lBAS01$LBAS01$mBOOK$1BASA2$APolo Tecnico-Scientifico$2GEN$BCollezione generale$3PTS.s2.p55.11$635330$5T35330$820150615$f98$FConsultazione